000 00632cam a2200217 4500500
005 20260329003436.0
041 _afre
042 _adc
100 1 0 _aNathan, Tobie
_eauthor
245 0 0 _aEmerson et la confiance en soi
260 _c2015.
500 _a33
690 _aConfiance
690 _aConfiance en soi
690 _aEmerson
690 _aRalph Waldo Emerson
690 _aSoi
690 _aTranscendantalisme
786 0 _nPhilosophie magazine | 93 | 10 | 2015-10-01 | p. 40-40 | 1951-1787
856 4 1 _uhttps://shs.cairn.info/magazine-philosophie-magazine-2015-10-page-40?lang=fr&redirect-ssocas=7080
999 _c1824641
_d1824641